000 00289nam a22001337a 4500
008 170829b xxu||||| |||| 00| 0 eng d
020 _a9780205593361
041 _aeng
080 _27TH
_a070
100 _a39
101 _aMED
245 _aPUBLIC SPEAKING
_cGRICE,G.L
942 _2udc
_cBK
999 _c25341
_d25341